[Event "AUTO-ADV-4688"]
[Site "http://www.queenalice.com/game.php?id=1808738"]
[Date "2023.3.26"]
[Round "1"]
[White "Vin100"]
[Black "Rasumichin"]
[Result "1-0"]
[WhiteElo "1834"]
[BlackElo "1730"]

1. e4 e5 2. Nf3 Nc6 3. c3 Nf6 4. d3 d5 5. exd5 Nxd5 6. c4 Nf4 7. Bxf4 exf4 8.
Be2 Bd6 9. O-O Bg4 10. Nc3 O-O 11. Qd2 Re8 12. Rfe1 Qf6 13. a3 Ne5 14. Nxe5 Bxe2
15. Rxe2 Bxe5 16. Nd5 Qd6 17. Rae1 Re6 18. d4 Bf6 19. Nxf6+ gxf6 20. d5 Re5 21.
b4 Rae8 22. c5 Qa6 23. Rxe5 fxe5 24. Ra1 e4 25. Qxf4 Qc4 26. d6 cxd6 27. Qxd6 e3
28. Qg3+ Kh8 29. Re1 exf2+ 30. Qxf2 Rxe1+ 31. Qxe1 Qd4+ 32. Kh1 Qb2 33. a4 a6
34. h3 Qd4 35. Qe8+ Kg7 36. c6 bxc6 37. Qxc6 Qa1+ 38. Kh2 Qe5+ 39. g3 Qb2+ 40.
Qg2 Qxb4 41. Qc2 a5 42. h4 h5 43. Qd1 f5 44. Qxh5 Kf6 45. Qe8 Qd2+ 46. Kh3 Qf2
47. Qd8+ Ke5 48. Qxa5+ Kf6 49. Qa6+ Ke5 50. Qb5+ Kf6 51. a5 Qe1 52. Qc6+ Kf7 53.
a6 Qa5 54. Qb7+ Ke6 55. a7 f4 56. a8=Q Qf5+ 57. g4 Qd3+ 58. Qf3 Qd4 59. Qae4+
Qe5 60. Qxe5+ Kxe5 61. h5 1-0

[Event "AUTO-ADV-4688"]
[Site "http://www.queenalice.com/game.php?id=1808747"]
[Date "2023.3.26"]
[Round "1"]
[White "SGF"]
[Black "Vin100"]
[Result "0-1"]
[WhiteElo "1680"]
[BlackElo "1777"]

1. e4 e5 2. Qf3 Nf6 3. d3 d6 4. Be2 Bg4 5. Qg3 Bxe2 6. Nxe2 g6 7. h4 Bg7 8. h5
O-O 9. h6 Bh8 10. Bg5 Nbd7 11. Bxf6 Bxf6 12. Nd2 c6 13. Nc4 Nb6 14. Nxb6 Qxb6
15. b3 Qa5+ 16. c3 d5 17. Qf3 Bg5 18. a3 Rad8 19. b4 Qa4 20. Ng3 Qc2 21. O-O
Qxc3 22. exd5 cxd5 23. Ne2 Qc6 24. Qh3 b5 25. f4 exf4 26. Nxf4 Rfe8 27. Qg4 Bxh6
28. Nh5 Be3+ 29. Kh2 Re5 30. Ng3 Rde8 31. Rae1 d4 32. Ne4 R8e6 33. Kh3 Rh5+ 34.
Kg3 f5 35. Rxf5 Qc7+ 36. Kf3 Rxf5+ 37. Ke2 Qc2+ 38. Nd2 Qxd2# 0-1

[Event "AUTO-ADV-4688"]
[Site "http://www.queenalice.com/game.php?id=1808748"]
[Date "2023.3.26"]
[Round "1"]
[White "Vin100"]
[Black "SGF"]
[Result "0-1"]
[WhiteElo "1807"]
[BlackElo "1648"]

1. e4 e5 2. Nf3 Qf6 3. d3 d6 4. Bg5 Qg6 5. Be2 f6 6. Be3 Qxg2 7. Rg1 Qh3 8. Nc3
c6 9. Qd2 Bg4 10. Rg3 Qh5 11. O-O-O Bxf3 12. Bxf3 Qf7 13. Qe2 b5 14. Qd2 b4 15.
Ne2 Qxa2 16. c4 b3 17. Bh5+ g6 18. Bxg6+ hxg6 19. Qa5 Qxa5 20. Nc3 Qa1+ 21. Kd2
Qxb2+ 22. Ke1 Rxh2 23. Rg1 Qxc3+ 24. Bd2 Qxd3 25. Bf4 Qxe4+ 26. Be3 Bh6 27. Rxg6
Bxe3 28. Rxg8+ Kf7 29. Rd8 Bb6+ 30. Kd2 Qc2+ 0-1

[Event "Challenge"]
[Site "http://www.queenalice.com/game.php?id=1811040"]
[Date "2023.5.2"]
[Round "-"]
[White "dylkink93"]
[Black "Vin100"]
[Result "1-0"]
[WhiteElo "2059"]
[BlackElo "1789"]

1. e4 e5 2. Nf3 d6 3. d4 exd4 4. Nxd4 c5 5. Bb5+ Bd7 6. Bxd7+ Nxd7 7. Nf5 g6 8.
Nxd6+ Bxd6 9. Qxd6 Qe7 10. Qxe7+ Nxe7 11. Nc3 O-O 12. Bf4 Rfe8 13. O-O Nc6 14.
Nd5 Rac8 15. f3 Nde5 16. Nf6+ Kg7 17. Nxe8+ Rxe8 18. Rad1 h6 19. Rd5 b6 20. Rfd1
g5 21. Bxe5+ Nxe5 22. Kf2 Kg6 23. Rd8 Re7 24. Rg8+ Kh7 25. Rdd8 Ng6 26. Rge8 Re5
27. Rxe5 Nxe5 28. b3 Kg6 29. Ra8 a5 30. Rb8 1-0

[Event "Challenge"]
[Site "http://www.queenalice.com/game.php?id=1811648"]
[Date "2023.5.10"]
[Round "-"]
[White "Renie"]
[Black "Vin100"]
[Result "0-1"]
[WhiteElo "1498"]
[BlackElo "1818"]

1. c4 e6 2. Nc3 Nc6 3. Nf3 Nf6 4. g3 Bc5 5. Bg2 O-O 6. a3 d5 7. d4 Bd6 8. c5 Be7
9. O-O b6 10. b4 Ba6 11. Re1 Bc4 12. Qa4 b5 13. Qc2 a5 14. Rb1 a4 15. Ne5 Nxe5
16. e4 Nd3 17. Re3 Nxc1 18. Rxc1 Ng4 19. Rf3 Bb3 20. Qd2 Bg5 21. Qe1 Bxc1 22.
Qxc1 c6 23. Qf4 Nf6 24. Re3 Re8 25. e5 Nd7 26. Rf3 Rf8 27. Qg4 g6 28. Qh3 Qg5
29. Rf4 h5 30. Bf3 Bc2 31. Qh4 Qxh4 32. Rxh4 f6 33. exf6 Rxf6 34. Kg2 Raf8 35.
Rf4 Rxf4 36. gxf4 Rxf4 37. Ne2 Rf8 38. Kg3 e5 39. Bh1 g5 40. h4 g4 0-1

[Event "Challenge"]
[Site "http://www.queenalice.com/game.php?id=1811654"]
[Date "2023.5.10"]
[Round "-"]
[White "naugard47"]
[Black "Vin100"]
[Result "0-1"]
[WhiteElo "1756"]
[BlackElo "1821"]

1. d4 d5 2. Nf3 Nf6 3. Bf4 e6 4. e3 c5 5. dxc5 Bxc5 6. Bd3 O-O 7. Ne5 Nbd7 8.
O-O a6 9. a3 b5 10. b4 Bd6 11. Nf3 Bxf4 12. exf4 Bb7 13. Nd4 Qb6 14. c3 g6 15.
Nd2 a5 16. Bxb5 Ba6 17. Bxa6 Qxa6 18. b5 Qb6 19. a4 Nc5 20. Qc2 Qd6 21. Ne2 Nh5
22. g3 f5 23. Nd4 Nf6 24. f3 h5 25. h4 Nfd7 26. Rae1 Rfe8 27. Nc6 Nb6 28. Ne5
Kg7 29. Rf2 Ncxa4 30. Rg2 Qc5+ 31. Kh1 Qxc3 32. Qc1 Qxc1 33. Rxc1 Rec8 34. Nb3
Nc3 35. g4 hxg4 36. fxg4 Nxb5 37. gxf5 Rxc1+ 38. Nxc1 exf5 39. Rxg6+ Kh7 40.
Rxb6 Nc3 41. Rf6 a4 42. Rxf5 Rg8 43. Ned3 a3 44. Nb4 d4 45. Nd5 Rb8 46. Nxc3
dxc3 47. Rc5 Rb1 48. Ra5 Rxc1+ 49. Kh2 Rc2+ 50. Kg3 a2 51. Ra3 Rb2 52. Rxc3 a1=Q
53. Rc7+ Kg8 54. Rc8+ Kf7 55. Rc7+ Ke8 0-1

[Event "Challenge"]
[Site "http://www.queenalice.com/game.php?id=1812939"]
[Date "2023.6.1"]
[Round "-"]
[White "Vin100"]
[Black "naugard47"]
[Result "1-0"]
[WhiteElo "1869"]
[BlackElo "1743"]

1. e4 e5 2. Nf3 Nc6 3. Bc4 h6 4. O-O Bc5 5. c3 d6 6. b4 Nxb4 7. cxb4 Bxb4 8. Qb3
c5 9. Bxf7+ Ke7 10. Ba3 Nf6 11. d3 Qf8 12. Bc4 Ba5 13. Nh4 Kd8 14. Ng6 Qe8 15.
Nxh8 Qxh8 16. Nc3 Bxc3 17. Qxc3 Qe8 18. h3 a5 19. Qb3 Qe7 20. Qb6+ Qc7 21. Qxc7+
Kxc7 22. g4 g5 23. Bb2 Bd7 24. a4 Rh8 25. Bb5 Be6 26. Ba3 Nd7 27. Rab1 Nb8 28.
Rb2 Rh7 29. Re1 Rf7 30. Kg2 Rf8 31. Kg3 Bd7 32. h4 Bc8 33. Rh1 Rf4 34. hxg5
Rxg4+ 35. Kf3 Rf4+ 36. Ke3 hxg5 37. f3 g4 38. Rh4 Rxf3+ 39. Ke2 Rh3 40. Rxh3
gxh3 41. Ke3 Nd7 42. Rf2 Nb6 43. Rf7+ Kb8 44. Rf6 Kc7 45. Kf3 d5 46. Bxc5 Nd7
47. Rf7 Kd8 48. Bf2 dxe4+ 49. dxe4 Ke8 50. Rh7 1-0

[Event "Challenge"]
[Site "http://www.queenalice.com/game.php?id=1812940"]
[Date "2023.6.1"]
[Round "-"]
[White "Vin100"]
[Black "naugard47"]
[Result "1-0"]
[WhiteElo "1857"]
[BlackElo "1755"]

1. e4 e5 2. Nf3 Nc6 3. c3 h6 4. d4 exd4 5. cxd4 d5 6. exd5 Qxd5 7. Nc3 Qe6+ 8.
Qe2 Nb4 9. d5 Qxe2+ 10. Bxe2 Nc2+ 11. Kd2 Nxa1 12. b3 Nxb3+ 13. axb3 f6 14. Bb5+
Bd7 15. Re1+ Ne7 16. Bxd7+ Kxd7 17. Kd3 a6 18. g4 Rd8 19. Nd4 Re8 20. f4 g5 21.
f5 Rc8 22. Re6 Bg7 23. Ba3 Rhe8 24. d6 cxd6 25. Bxd6 Nc6 26. Rxe8 Rxe8 27. Bc5
Ne5+ 28. Kc2 Nxg4 29. h3 Nf2 30. Ne6 Bh8 31. Bxf2 Kc6 32. Kd3 b5 33. h4 g4 34.
h5 Rg8 35. Be3 g3 36. Ne2 g2 37. Ng1 Kd6 38. Bxh6 Ke5 39. Nd4 Rg4 40. Be3 Rg8
41. h6 Bg7 42. hxg7 Rxg7 43. Ngf3+ Kd5 44. b4 Rc7 45. Nc2 Rc4 46. Nfd4 Ke5 47.
Ke2 Rc8 48. Bg1 Kf4 49. Kf2 Rg8 50. Ne3 Rd8 51. Ne6+ 1-0

[Event "AUTO-ADV-4709"]
[Site "http://www.queenalice.com/game.php?id=1814403"]
[Date "2023.6.20"]
[Round "1"]
[White "The_knight"]
[Black "Vin100"]
[Result "1-0"]
[WhiteElo "1901"]
[BlackElo "1880"]

1. e4 e5 2. Nf3 Nc6 3. Bb5 Nge7 4. Nc3 g6 5. d4 Bg7 6. dxe5 Nxe5 7. Nxe5 Bxe5 8.
Qf3 c6 9. Bc4 O-O 10. Bh6 Bg7 11. Bxg7 Kxg7 12. O-O-O b5 13. Bb3 a5 14. a4 b4
15. Ne2 c5 16. h4 Bb7 17. h5 g5 18. h6+ Kg6 19. Rd6+ f6 20. Qh5# 1-0

[Event "AUTO-ADV-4709"]
[Site "http://www.queenalice.com/game.php?id=1814404"]
[Date "2023.6.20"]
[Round "1"]
[White "Vin100"]
[Black "The_knight"]
[Result "0-1"]
[WhiteElo "1865"]
[BlackElo "2042"]

1. e4 e5 2. Nf3 Nc6 3. Bb5 Nf6 4. Nc3 Nd4 5. d3 c6 6. Bc4 d5 7. exd5 cxd5 8.
Bb5+ Nxb5 9. Nxb5 Qa5+ 10. Nc3 d4 11. Bd2 dxc3 12. Bxc3 Bb4 13. Qd2 Bxc3 14.
bxc3 Bg4 15. Ng5 h6 16. Ne4 Nxe4 17. dxe4 O-O 18. O-O Rfd8 19. Qe3 Rac8 20. Qg3
Be6 21. a4 Qxc3 22. Qxc3 Rxc3 23. Rfc1 b6 24. a5 b5 25. a6 Rd2 26. h3 Rcxc2 27.
Rxc2 Rxc2 28. Ra5 Bc4 29. g4 Ra2 30. Rxa2 Bxa2 31. Kg2 g5 32. Kf3 b4 0-1

[Event "AUTO-ADV-4709"]
[Site "http://www.queenalice.com/game.php?id=1814417"]
[Date "2023.6.20"]
[Round "1"]
[White "wiktormool"]
[Black "Vin100"]
[Result "0-1"]
[WhiteElo "1893"]
[BlackElo "1869"]

1. c4 e5 2. a3 c5 3. Nc3 Nf6 4. e4 d6 5. d3 Be7 6. h3 O-O 7. Nf3 Nc6 8. Be3 Bd7
9. Be2 Qa5 10. Bd2 a6 11. O-O Rab8 12. Qc1 Qc7 13. Qb1 Na5 14. b4 Nc6 15. Nd5
Nxd5 16. cxd5 Nd8 17. Rc1 b6 18. Ra2 Nb7 19. Rb2 Ba4 20. d4 exd4 21. bxc5 dxc5
22. Nxd4 Qd7 23. Nf5 b5 24. Bg4 Qc7 25. g3 Bf6 26. Bf4 Be5 27. d6 Nxd6 28. Bxe5
Rbd8 29. Bxd6 Rxd6 0-1

[Event "AUTO-ADV-4709"]
[Site "http://www.queenalice.com/game.php?id=1814418"]
[Date "2023.6.20"]
[Round "1"]
[White "Vin100"]
[Black "wiktormool"]
[Result "0-1"]
[WhiteElo "1832"]
[BlackElo "1990"]

1. e4 c5 2. Bc4 e6 3. Nf3 Nc6 4. O-O g6 5. c3 Bg7 6. d3 Nf6 7. Be3 b6 8. Nbd2
Bb7 9. e5 Ng4 10. Bg5 f6 11. exf6 Bxf6 12. Ne4 Bxg5 13. Nfxg5 Nce5 14. Nd6+ Kf8
15. Nxb7 Qxg5 16. Ba6 Ke7 17. d4 Nc6 18. dxc5 Nb8 19. Be2 Nf6 20. Qd6+ Kf7 21.
cxb6 Qd5 22. c4 Qxb7 23. c5 axb6 24. cxb6 Qc6 25. Rfd1 Nd5 26. Qxc6 Nxc6 27. b7
Rab8 28. Ba6 Ncb4 29. Be2 Rxb7 30. a3 Nc2 31. Rab1 Nf4 32. Bf3 d5 33. g3 Nh3+
34. Kg2 Ng5 35. Be2 Rhb8 36. b4 Nxa3 37. Rb3 Nc2 38. b5 Rc7 39. b6 Rcb7 40. Bd3
Nd4 41. Rb4 Nc6 42. Rf4+ Kg7 43. f3 Rxb6 44. h4 Nf7 45. Ra4 Nfe5 46. Be2 Rb2 47.
Kf2 Rf8 48. f4 Ng4+ 49. Kf3 Nce5+ 50. Kg2 Ne3+ 51. Kf2 Nxd1+ 0-1

[Event "AUTO-ADV-4709"]
[Site "http://www.queenalice.com/game.php?id=1814427"]
[Date "2023.6.20"]
[Round "1"]
[White "Vin100"]
[Black "Scharlatan"]
[Result "0-1"]
[WhiteElo "1886"]
[BlackElo "1895"]

1. e4 c5 2. Bc4 Nc6 3. Nf3 e6 4. O-O a6 5. c3 b5 6. Be2 Qc7 7. d3 Nf6 8. g3 Be7
9. a3 O-O 10. Be3 d5 11. Nbd2 Bb7 12. b4 dxe4 13. Nxe4 Nxe4 14. dxe4 Rad8 15.
Qc2 Rd7 16. bxc5 Rfd8 17. Rfd1 Ne5 18. Nxe5 Qxe5 19. Rxd7 Rxd7 20. Bd4 Qxe4 21.
Bd3 Qg2# 0-1

[Event "AUTO-ADV-4709"]
[Site "http://www.queenalice.com/game.php?id=1814428"]
[Date "2023.6.20"]
[Round "1"]
[White "Scharlatan"]
[Black "Vin100"]
[Result "1-0"]
[WhiteElo "1988"]
[BlackElo "1842"]

1. e4 e5 2. Nf3 d6 3. Bc4 c6 4. d4 exd4 5. Qxd4 c5 6. Qe3 Bd7 7. O-O Be7 8. Nc3
Nf6 9. e5 dxe5 10. Nxe5 O-O 11. Rd1 Qc7 12. Nxd7 Nbxd7 13. Qxe7 Rae8 14. Qd6
Re1+ 15. Bf1 Qxd6 16. Rxd6 b6 17. Rd1 Rfe8 18. Be3 Rxd1 19. Rxd1 Ne5 20. Bb5 Ra8
21. h3 a6 22. Be2 Nfd7 23. f4 Re8 24. Kf2 c4 25. fxe5 Nxe5 26. Bxb6 g6 27. Nd5
Re6 28. Bd4 f5 29. Bxe5 Rxe5 30. Bxc4 Kg7 31. Nf4 Re4 32. Ne6+ Kf6 33. Bb3 a5
34. a4 f4 35. Rd4 Ke5 36. c3 h6 37. Rxe4+ 1-0

[Event "Challenge"]
[Site "http://www.queenalice.com/game.php?id=1814434"]
[Date "2023.6.20"]
[Round "-"]
[White "naugard47"]
[Black "Vin100"]
[Result "0-1"]
[WhiteElo "1773"]
[BlackElo "1856"]

1. e4 e5 2. Nf3 Nc6 3. Nc3 Bb4 4. Nd5 d6 5. Nxb4 Nxb4 6. a3 Nc6 7. c3 Nf6 8. Bd3
O-O 9. O-O Bg4 10. Be2 Nxe4 11. d3 Nf6 12. h3 Bxf3 13. Bxf3 Qd7 14. Bg5 Qf5 15.
Be3 d5 16. b4 e4 17. dxe4 dxe4 18. Be2 Rad8 19. Qc2 Ne5 20. f4 Ned7 21. Rad1 b6
22. a4 Nd5 23. Bd4 c5 24. Bg4 Qg6 25. f5 Qc6 26. Bf2 e3 27. Bh4 Rde8 28. b5 Qh6
29. Rxd5 Nf6 30. Be1 Nxd5 31. Bg3 Re7 32. c4 Nf6 33. Bd6 e2 34. Bxe2 Qe3+ 35.
Kh1 Qxe2 36. Qc1 Rfe8 37. Bxe7 Rxe7 38. Qd1 Qxd1 39. Rxd1 Rd7 40. Rf1 Rd4 41.
Rc1 h5 42. Kh2 Rf4 43. a5 Rxf5 44. Ra1 Re5 45. axb6 axb6 46. Ra8+ Re8 47. Ra7
Rb8 48. Rc7 g5 49. Re7 Kg7 50. Kg3 Re8 51. Rb7 Ne4+ 52. Kf3 Re6 53. g3 Nd2+ 54.
Kf2 Kg6 55. Rb8 Nxc4 56. Rg8+ Kf5 57. g4+ hxg4 0-1

[Event "Challenge"]
[Site "http://www.queenalice.com/game.php?id=1815479"]
[Date "2023.7.2"]
[Round "-"]
[White "jorm"]
[Black "Vin100"]
[Result "1-0"]
[WhiteElo "1857"]
[BlackElo "1863"]

1. Nf3 d6 2. d4 Nd7 3. Nc3 b6 4. e4 e5 5. d5 Bb7 6. Bc4 Ngf6 7. h3 Be7 8. b3 O-O
9. b4 c5 10. b5 a6 11. a4 g6 12. Bb2 axb5 13. Bxb5 Ba6 14. Bc6 Rb8 15. Nd2 Bb7
16. Bxb7 Rxb7 17. Nb5 Ne8 18. h4 Nc7 19. g3 Nf6 20. g4 Qd7 21. f3 Nxb5 22. axb5
Qxb5 23. Rb1 Qd7 24. Bc1 b5 25. Qe2 c4 26. Nf1 c3 27. Bh6 Ra8 28. Ne3 b4 29. h5
Bf8 30. Bxf8 Rxf8 31. hxg6 hxg6 32. Qh2 Nh5 33. gxh5 f5 34. hxg6 Kg7 35. Qh6+
Kf6 36. Qxf8+ Kxg6 37. exf5+ Kg5 38. Qh6# 1-0

[Event "AUTO-ADV-4688"]
[Site "http://www.queenalice.com/game.php?id=1816862"]
[Date "2023.7.21"]
[Round "2"]
[White "Vin100"]
[Black "MarceloF"]
[Result "0-1"]
[WhiteElo "1847"]
[BlackElo "2134"]

1. e4 c5 2. Bc4 Nc6 3. Nf3 e6 4. O-O Nf6 5. d3 d5 6. exd5 exd5 7. Bb5 Bd7 8. Bg5
a6 9. Bxc6 Bxc6 10. Nbd2 Be7 11. Ne5 Bd7 12. Ndf3 O-O 13. Qd2 Ng4 14. Rfe1 Re8
15. Re2 Bxg5 16. Qe1 Nxe5 17. Rxe5 Bf6 18. Rxe8+ Qxe8 19. a3 Bxb2 20. Rb1 Qxe1+
21. Rxe1 Bxa3 22. Ne5 Be6 23. Ra1 Bb2 24. Re1 Bc3 25. Re2 a5 26. Nd7 Bxd7 27. h3
a4 28. g4 a3 0-1

[Event "AUTO-ADV-4688"]
[Site "http://www.queenalice.com/game.php?id=1816864"]
[Date "2023.7.21"]
[Round "2"]
[White "Vin100"]
[Black "atbn"]
[Result "0-1"]
[WhiteElo "1813"]
[BlackElo "2008"]

1. e4 e5 2. Nf3 Nc6 3. d3 Nf6 4. Bg5 Be7 5. Be2 d6 6. O-O h6 7. Bxf6 Bxf6 8. Nc3
Be6 9. Qd2 Ne7 10. d4 exd4 11. Nxd4 Qd7 12. Nxe6 Qxe6 13. Bf3 c6 14. a3 O-O-O
15. Rad1 Ng6 16. g3 Ne5 17. Bg2 h5 18. b4 Nc4 19. Qc1 Bxc3 20. Rd3 Be5 21. Rfd1
Nb2 22. R1d2 Nc4 23. Re2 h4 24. h3 hxg3 25. fxg3 Qg6 26. Kh2 Rh6 27. h4 Rxh4+
28. Kg1 Bxg3 29. Rc3 Ne5 30. Ree3 Bf4 31. Kf2 Bxe3+ 32. Qxe3 Ng4+ 33. Ke2 Nxe3
0-1

[Event "AUTO-ADV-4688"]
[Site "http://www.queenalice.com/game.php?id=1816865"]
[Date "2023.7.21"]
[Round "2"]
[White "atbn"]
[Black "Vin100"]
[Result "1-0"]
[WhiteElo "2002"]
[BlackElo "1822"]

1. e4 e5 2. Nf3 d6 3. Bc4 Nf6 4. d3 Be7 5. Nc3 O-O 6. h3 Bd7 7. Be3 c5 8. Qd2
Nc6 9. a3 a6 10. g4 b5 11. Ba2 Qb6 12. g5 Nh5 13. Nd5 Qd8 14. c3 g6 15. Nh2 Bxh3
16. Nxe7+ Qxe7 17. O-O-O Ng7 18. Bd5 Rac8 19. f4 exf4 20. Bxf4 a5 21. Nf3 Bg4
22. Rdf1 Ne5 23. Nxe5 dxe5 24. Be3 Nh5 25. c4 b4 26. Rfg1 Be6 27. a4 Ng7 28. Qh2
Bxd5 29. Qxh7# 1-0

[Event "Challenge"]
[Site "http://www.queenalice.com/game.php?id=1822363"]
[Date "2023.10.4"]
[Round "-"]
[White "naugard47"]
[Black "Vin100"]
[Result "0-1"]
[WhiteElo "1728"]
[BlackElo "1805"]

1. e4 e5 2. Bc4 Nf6 3. Nc3 Bc5 4. Nf3 d6 5. h3 O-O 6. O-O c6 7. a3 b5 8. Be2 Be6
9. d3 Nbd7 10. Ng5 Qe7 11. Nxe6 Qxe6 12. Bf3 a6 13. a4 b4 14. Ne2 a5 15. b3 d5
16. Ng3 g6 17. Bh6 Rfe8 18. Rb1 Rad8 19. Qe2 Bd4 20. Bg5 Bc3 21. Bd2 Bxd2 22.
Qxd2 Nb6 23. Qg5 d4 24. Bg4 Nxg4 25. Qxg4 Qxg4 26. hxg4 Nd7 27. g5 Nf8 28. f4
Ne6 29. f5 Nxg5 30. fxg6 hxg6 31. Rf6 Re6 32. Rbf1 Kg7 33. Kh2 Rxf6 34. Rxf6
Kxf6 35. Ne2 Kg7 36. Kg1 f5 37. exf5 gxf5 38. Kf2 f4 39. Ng1 Rh8 40. Nf3 Nxf3
41. gxf3 Rh2+ 0-1

[Event "Challenge"]
[Site "http://www.queenalice.com/game.php?id=1824135"]
[Date "2023.10.29"]
[Round "-"]
[White "Vin100"]
[Black "naugard47"]
[Result "1-0"]
[WhiteElo "1818"]
[BlackElo "1681"]

1. e4 e5 2. Nf3 Nc6 3. c3 Nf6 4. d3 h6 5. Be3 Ng4 6. Qd2 d6 7. g3 Nxe3 8. Qxe3
Be7 9. Nbd2 Be6 10. Be2 a6 11. O-O Qd7 12. b4 b5 13. a4 Na7 14. axb5 Nxb5 15.
Rfc1 c6 16. d4 Bf6 17. Bc4 Bg4 18. Ra4 O-O 19. Rca1 Qb7 20. dxe5 dxe5 21. Nb3
Rfe8 22. Nc5 Qc8 23. Nxa6 Rxa6 24. Rxa6 Qb7 25. Nd2 Bg5 26. Qd3 Be6 27. Bxe6
fxe6 28. Nc4 Nc7 29. Ra7 Qb8 30. Nxe5 Qd8 31. Qxd8 Bxd8 32. Nxc6 Kh7 33. c4 1-0